Welcome to CU Library Online Public Access Catalogue (OPAC)

Employment Law (Record no. 211)

MARC details
000 -LEADER
fixed length control field 00445nam a22001697a 4500
005 - DATE AND TIME OF LATEST TRANSACTION
control field 20250517132620.0
008 - FIXED-LENGTH DATA ELEMENTS--GENERAL INFORMATION
fixed length control field 241025b |||||||| |||| 00| 0 eng d
020 ## - INTERNATIONAL STANDARD BOOK NUMBER
International Standard Book Number 9780582473393
050 ## - LIBRARY OF CONGRESS CALL NUMBER
Classification number KD3009
100 ## - MAIN ENTRY--PERSONAL NAME
Personal name Sargeant, Malcolm
245 ## - TITLE STATEMENT
Title Employment Law
250 ## - EDITION STATEMENT
Edition statement Second Edition
260 ## - PUBLICATION, DISTRIBUTION, ETC.
Place of publication, distribution, etc. London
Name of publisher, distributor, etc. Pearson Educational Limited
Date of publication, distribution, etc. 2003
300 ## - PHYSICAL DESCRIPTION
Extent lxv, 499 pages.
Other physical details Index
Dimensions 23.5 cm
650 ## - SUBJECT ADDED ENTRY--TOPICAL TERM
Source of heading or term Law
Topical term or geographic name entry element Labour
942 ## - ADDED ENTRY ELEMENTS (KOHA)
Source of classification or shelving scheme Library of Congress Classification
Koha item type Books
Suppress in OPAC No
999 ## -
-- 211
-- 211
Holdings
Withdrawn status Lost status Source of classification or shelving scheme Damaged status Not for loan Home library Current library Shelving location Date acquired Total checkouts Full call number Barcode Date last seen Copy number Price effective from Koha item type Collection
    Library of Congress Classification     Law Library (Christ Temple) Law Library (Christ Temple) General stacks 03/05/2025   KD3009 SAR LLCT00000414 03/05/2025 1 03/05/2025 Books Non-fiction
    Library of Congress Classification     Law Library (Christ Temple) Law Library (Christ Temple) General stacks 03/05/2025   KD3009 SAR LLCT00000415 03/05/2025 2 03/05/2025 Books Non-fiction
    Library of Congress Classification     Law Library (Christ Temple) Law Library (Christ Temple) General stacks 03/05/2025   KD3009 SAR LLCT00000416 03/05/2025 3 03/05/2025 Books Non-fiction
    Library of Congress Classification     Law Library (Miotso) Law Library (Miotso) General stacks 10/25/2024   KD3009 SAR LLM00000122 10/25/2024 1 10/25/2024 Books  
    Library of Congress Classification     Law Library (Miotso) Law Library (Miotso) General stacks 11/02/2024   KD3009 SAR llm00000558 11/02/2024 3 11/02/2024 Books  
    Library of Congress Classification     Law Library (Miotso) Law Library (Miotso) General stacks 11/02/2024   KD3009 SAR llm00000559 11/02/2024 4 11/02/2024 Books  
    Library of Congress Classification     Law Library (Miotso) Law Library (Miotso) General stacks 11/02/2024   KD3009 SAR llm00000560 11/02/2024 5 11/02/2024 Books  
    Library of Congress Classification     Law Library (Miotso) Law Library (Miotso) General stacks 11/02/2024   KD3009 SAR llm00000561 11/02/2024 6 11/02/2024 Books  
    Library of Congress Classification     Law Library Annex (Miotso) Law Library Annex (Miotso) General stacks 10/28/2024   KD3009 SAR LLM00000067 10/29/2024 2 10/28/2024 Books  
© 2023-2024 Copyright: Central University Libraries. All Rights Reserved | Created by: Mahone Tech Office